000 00411nam a2200145Ia 4500
008 100122s9999 xx 000 0 und d
082 _b4520
_a823
100 _aदिक्षित चं ग
245 _aसौ वहिनी साहेब
260 _c1924
300 _a50
630 _aसौ वहिनी साहेब
730 _aसौ वहिनी साहेब
942 _cBOOK
999 _c398089
_d398086